书目信息 |
| 题名: |
边值问题的Galerkin有限元法
|
|
| 作者: | 李荣华 著 | |
| 分册: | ||
| 出版信息: | 北京 科学出版社 2005 |
|
| 页数: | 233页 | |
| 开本: | 24cm | |
| 丛书名: | 信息与计算科学丛书 | |
| 单 册: | ||
| 中图分类: | O241.82 , O175.8 | |
| 科图分类: | ||
| 主题词: | 有限元法--边值问题 , 边值问题 | |
| 电子资源: | ||
| ISBN: | 7-03-015570-X | |
| 000 | 01063oam2 2200289 450 | |
| 001 | 012003978718 | |
| 005 | 20050910101802.0 | |
| 010 | @a7-03-015570-X@dCNY35.00 | |
| 100 | @a20050905e20062005em y0chiy0110 ea | |
| 101 | 0 | @achi |
| 102 | @aCN@b110000 | |
| 105 | @ay za 000yy | |
| 106 | @ar | |
| 200 | 1 | @a边值问题的Galerkin有限元法@Abian zhi wen ti de Galerkin you xian yuan fa@Abian zhi wen ti de Galerkin you xian yuan fa@f李荣华著@Fli rong hua zhu |
| 210 | @a北京@c科学出版社@d2005@h2006重印 | |
| 215 | @a233页@d24cm | |
| 225 | 2 | @a信息与计算科学丛书@Axin xi yu ji suan ke xue cong shu@v34 |
| 320 | @a有书目:第231-233页 | |
| 330 | @a本书用统一观点介绍经典的Galerkin法、标准有限元法、非标准有限元法(非协调元、杂交元和混合元)、边界有限元法以及有限体积法的基本理论与方法。 | |
| 461 | 0 | @12001 @a信息与计算科学丛书 |
| 606 | 0 | @a有限元法@x边值问题 |
| 606 | 0 | @a边值问题 |
| 690 | @aO241.82@v4 | |
| 690 | @aO175.8@v4 | |
| 701 | 0 | @a李荣华@Ali rong hua@Ali rong hua@4著 |
| 801 | 0 | @aCN@b北京图联@c20050910 |
| 905 | @dO175.8@e121 @f5 | |
| 边值问题的Galerkin有限元法/李荣华著.-北京:科学出版社,2005(2006重印) |
| 233页;24cm.-(信息与计算科学丛书;34) |
| ISBN 7-03-015570-X:CNY35.00 |
| 本书用统一观点介绍经典的Galerkin法、标准有限元法、非标准有限元法(非协调元、杂交元和混合元)、边界有限元法以及有限体积法的基本理论与方法。 |
| ● |
| 相关链接 |
|
|
|
|
正题名:边值问题的Galerkin有限元法
索取号:O175.8/121
 
预约/预借
| 序号 | 登录号 | 条形码 | 馆藏地/架位号 | 状态 | 备注 |
| 1 | 0523944 | 205239446 | 第二样本阅览室/ [索取号:O175.8/121] | 在馆 | |
| 2 | 0523945 | 205239455 | 第三借阅区/ [索取号:O175.8/121] | 在馆 | |
| 3 | 0523946 | 205239464 | 第三借阅区/ [索取号:O175.8/121] | 在馆 | |
| 4 | 0851670 | 208516701 | 第三借阅区/ [索取号:O175.8/121] | 在馆 | |
| 5 | 0851671 | 208516710 | 第三借阅区/ [索取号:O175.8/121] | 在馆 | |
| 6 | 0851672 | 208516729 | 第三借阅区/ [索取号:O175.8/121] | 在馆 | |
| 7 | 0851673 | 208516738 | 第三借阅区/ [索取号:O175.8/121] | 在馆 | |
| 8 | 0851674 | 208516747 | 第三借阅区/ [索取号:O175.8/121] | 在馆 |